000 00305nam a2200121Ia 4500
008 190216s9999||||xx |||||||||||||| ||und||
100 _aJagadish Prakash
245 0 _aBusiness Organisation And Management
260 _bS Chand & Co
_c1974
300 _a686p
650 _aBusiness Organisation
942 _cBK
999 _c4491
_d4491